| 000 | 00632nam a2200217Ia 4500 | ||
|---|---|---|---|
| 003 | GCL | ||
| 008 | 140319s9999 xx 000 0 ara d | ||
| 040 |
_aGCL / _cGCL |
||
| 082 | 0 | 4 |
_aط _b398.27 _bى ا |
| 100 | 1 | _aحلمى التونى | |
| 245 | 1 | 0 |
_aجميل وجميلة / _cحلمى التونى |
| 700 | 1 | _aيعقوب الشارونى | |
| 260 |
_a[S.N] : _bدار الشروق ، _c1983 |
||
| 300 | _a13 ص | ||
| 490 |
_aاجمل الحكايات الشعبية _v0 |
||
| 650 | 0 | 4 | _aالاطفال |
| 650 | 0 | 4 | _aالقصص |
| 650 | 0 | 4 | _aقصص الاطفال |
| 650 | 0 | 4 | _aالقصص الشعبية |
| 942 |
_2ddc _cBK |
||
| 999 |
_c56857 _d56857 |
||